| 000 | 00605nam a2200205Ia 4500 | ||
|---|---|---|---|
| 001 | 5307 | ||
| 003 | GE_BSU | ||
| 008 | 181216s||||||||xx |||||||||||||| ||und|| | ||
| 040 | _cGE_BSU | ||
| 080 | _a512.7+511.2 | ||
| 100 | _aАтья, М. Макдональд, И. | ||
| 245 | _aВведение в коммутативную алгебру. | ||
| 245 | _cПер. с английского Ю.И. Манина. | ||
| 260 | _aМосква | ||
| 260 | _bМир | ||
| 260 | _c1972 | ||
| 300 | _a160 с. 22 см. | ||
| 653 | _aВведение в коммутативную алгебру. | ||
| 942 | _cBK | ||
| 999 |
_c38892 _d38892 |
||